Max Weber ekonom
Weberov vzťah k ekonómii. Analýza freburskej prednášky "Národný štát a národohospodárska politika". Analýza Weberových prác o burzovom obchodovaní. Ekonomické aspekty "Wirtschaft und Gesellschaft"
Enregistré dans:
| Auteur principal: | |
|---|---|
| Format: | Chapitre de livre |
| Langue: | tchèque |
| Sujets: | |
| Tags: |
Pas de tags, Soyez le premier à ajouter un tag!
|
MARC
| LEADER | 00000naa$a2200000$$$4500 | ||
|---|---|---|---|
| 001 | 0054971 | ||
| 005 | 20231019131146.6 | ||
| 041 | 0 | |a cze | |
| 044 | |a CZ | ||
| 245 | 1 | 0 | |a Max Weber ekonom |c Marek Loužek |
| 520 | |a Weberov vzťah k ekonómii. Analýza freburskej prednášky "Národný štát a národohospodárska politika". Analýza Weberových prác o burzovom obchodovaní. Ekonomické aspekty "Wirtschaft und Gesellschaft" | ||
| 610 | 2 | 0 | |a ekonómia |
| 610 | 2 | 0 | |a obchody burzové |
| 610 | 2 | 0 | |a veda ekonomická |
| 610 | 2 | 0 | |a Max Weber |
| 610 | 2 | 0 | |a teórie ekonomické |
| 610 | 2 | 0 | |a politika hospodárska |
| 100 | 1 | |a Loužek, Marek | |